| 000 | 00438nam a2200181Ia 4500 | ||
|---|---|---|---|
| 008 | 170918s9999 xx 000 0 und d | ||
| 020 | _a671870041 | ||
| 050 | _bD321 1994 | ||
| 100 | _aDe Groat, Diane | ||
| 245 | _aAnnie Pitts, swamp monsters / | ||
| 245 | _cby Diane De Groat. | ||
| 260 | _aNew York : | ||
| 260 | _bSimon & Schuster, | ||
| 260 | _c1994 | ||
| 300 | _a71 pages : | ||
| 300 | _billustrations ; | ||
| 300 | _c23cm. | ||
| 999 |
_c343627 _d343627 |
||